000 00919nam a22002177a 4500
003 BDDh-ASL
005 20231015031348.0
008 200914s2004 b ||||| |||| 00| 0 b d
040 _aBDDh-ASL
_cBDDh-ASL
_dBDDh-ASL
041 _abengali
082 _a297
_bHAG
100 1 _aহক, শামসুল
_9582
245 1 _aগ্রন্থাগার সংগঠনে মুসলমান /
246 _aGranthagar Sangathane Muslaman.
260 _aঢাকা:
_bইসলামিক ফাউন্ডেশন বাংলাদেশ,
_c২০০৪।
300 _a১৫২ পৃষ্ঠা:
_c২২ সে. মি.।
500 _a
504 _aগ্রন্থপঞ্জি সংযুক্ত ।
650 0 _aইসলাম ধর্ম , Isalāma dharma, Islam, Religion, Mohammedism, Mohammadan, Mohammedan, Muhammadan, Islamic Relition, Peace
_9747
942 _2ddc
_cBK
999 _c32181
_d32181